000 00642nam a2200229 i 4500
001 C2-0297673
003 PPAK
005 20180728075850.0
008 090520s2003 ii |||| ||||| | tam d
040 _aPPAK
_beng
_cPPAK
_erda
082 0 4 _a894.811301
_223
090 0 0 _a894.811301
_bKRI
_dG
100 1 _aKrishnan, Santhakkavinyar K.M.,
_eauthor
245 1 0 _aNaadaga poonnsolai
264 1 _aChennai, India :
_bSinna Kannan Pathipagam ,
_c2003
300 _a199 pages ;
_c18 cm
336 _2rdacontent
_atext
337 _2rdamedia
_aunmediated
338 _2rdacarrier
_avolume
650 1 0 _aShort stories, Tamil
942 _ddc
_cB
999 _c102039
_d102039